00810 2200181 4500001002100000005001500021035002000036245022600056100002000282250002000302300005500322856002800377700014700405260003200552082001000584084001600594020001800610INLIS00000000114590120251224020627 a0010-12250001441 aBelajar Kosakata dan Kalimat dalam 3 bahasa :bIndonesia, Inggris, dan Arab /cPenulis; Mahmudah Mastur, penyunting; Diba, Penyelaras; Seta, Ilustrator; Tim, Tata sampul; Wulan nugraha, Tata isi; Vitrya, Pra cetak; Antini0 aMahmudah Mastur aCetakan pertama a87 halaman :bilustrasi ;c17.5 x 25 cmekertas aPerpustakaan Keliling 20 aPenulis; Mahmudah Mastur, penyunting; Diba, Penyelaras; Seta, Ilustrator; Tim, Tata sampul; Wulan nugraha, Tata isi; Vitrya, Pra cetak; Antini aYogyakarta :bnoktah,c2020 a372.6 a372.6 MAH b a9786237465652